| 000 | 00925nam a2200289 a 4500 | ||
|---|---|---|---|
| 001 | 51029 | ||
| 003 | BD-RjUL | ||
| 005 | 20211209075611.0 | ||
| 008 | 160829s19651956nyua b 001 0 eng d | ||
| 035 | _a(BD-RjUL) 51149 | ||
| 040 |
_aDLC _cDLC _dWQM _dBD-RjUL _beng |
||
| 041 | _aeng | ||
| 082 |
_a515 _223 _bBUA 1965 |
||
| 100 | 1 |
_aBuck, R. Creighton _q(Robert Creighton), _d1920- _9152679 |
|
| 245 | 1 | 0 |
_aAdvanced calculus / _cR. Creighton Buck ; Ellen F. Buck, |
| 246 | _b2nd.ed. | ||
| 260 |
_aLondon : _bMcGraw-Hill, _c1965 |
||
| 300 |
_aviii, 427 p. : _bill. ; _c24 cm. |
||
| 490 | _aInternational series in pure and applied mathematics. | ||
| 500 | _aIncludes index. | ||
| 650 | 0 |
_aCalculus. _9152680 |
|
| 650 | 0 |
_aMathematical analysis. _9152681 |
|
| 650 | 0 |
_aMathematics. _9152682 |
|
| 700 |
_aBuck, Ellen F. _9152683 |
||
| 830 | 0 |
_aInternational series in pure and applied mathematics. _9116519 |
|
| 942 |
_2ddc _cBK |
||
| 999 |
_c51029 _d51029 |
||